000
00293 a2200109 4500
999
_c
13317
_d
13317
008
250520b ||||| |||| 00| 0 eng d
020
_a
9788494717949
100
_a
Norman Foster Foundation(editor)
245
_a
DESIGNS AND CONCEPTS
260
_b
Norman Foster Foundation
_c
2021
942
_2
ddc